000 00717cam a2200217 a 4500
001 22876
003 BD-RjUL
005 20211209000850.0
008 140309s1948 xx 000 0 eng u
035 _a(BD-RjUL)22941
040 _aOSU
_dEQO
_dBD-RjUL
_beng
_cBD-RjUL
041 _aeng
082 _a893.13
_bLAN
090 _aPJ1949
_b.L47
245 0 0 _aLand of enchanters :
_bEgyptian short stories from the earliest times to the present day /
_cedited and introduced by Bernard Lewis, and illustrated by Ali Nur
260 _aLondon :
_bHarvill Press,
_c1948
300 _aix, 157 p. :
_billus. ;
_c23 cm
650 0 _aShort stories, Egyptian
_970534
700 1 _aLewis, Bernard,
_d1916-
_970535
942 _2ddc
_cBK
999 _c22876
_d22876